Plants, microbes and diseases (Record no. 1234450)

MARC details
000 -LEADER
fixed length control field 00668nam a2200229Ia 4500
005 - DATE AND TIME OF LATEST TRANSACTION
control field 20250108124743.0
008 - FIXED-LENGTH DATA ELEMENTS--GENERAL INFORMATION
fixed length control field 008 250107s9999 xx 000 0 eng d
020 ## - INTERNATIONAL STANDARD BOOK NUMBER
International Standard Book Number 978-81-94867-62-3
037 ## - SOURCE OF ACQUISITION
Stock number REF
040 ## - CATALOGING SOURCE
Original cataloging agency CRL
Language of cataloging eng
Transcribing agency CRL
041 ## - LANGUAGE CODE
Language code of text/sound track or separate title eng
Source of code eng
084 ## - COLON CLASSIFICATION NUMBER
Classification number V2:19g Q5 (RR)
084 ## - COLON CLASSIFICATION NUMBER
Assigning agency CRL
100 ## - MAIN ENTRY--PERSONAL NAME
Personal name Gupta Rajni (KMC) Au.; Chugh Gaurav Au.
9 (RLIN) 729707
245 #0 - TITLE STATEMENT
Title Plants, microbes and diseases
Statement of responsibility, etc. Gupta Rajni (KMC) Au.; Chugh Gaurav Au.
260 ## - PUBLICATION, DISTRIBUTION, ETC.
Place of publication, distribution, etc. New Delhi, India
Name of publisher, distributor, etc. I.K. International
Date of publication, distribution, etc. 2062
300 ## - PHYSICAL DESCRIPTION
Extent xii,364p.
365 ## - TRADE PRICE
Price type code INR
Price amount 0
650 ## - SUBJECT ADDED ENTRY--TOPICAL TERM
Topical term or geographic name entry element BOTANY
942 ## - ADDED ENTRY ELEMENTS (KOHA)
Koha item type Reference
Classification part V2:19g Q5 (RR)
Holdings
Withdrawn status Lost status Damaged status Not for loan Home library Current library Date acquired Source of acquisition Total Checkouts Full call number Barcode Date last seen Price effective from Koha item type
        Central Library Central Library 2025-01-08 Gift, 01/09/2022,   I23 R2 CL1698043 2025-01-08 2025-01-08 Reference
Copyright @ Delhi University Library System